Atletico Madrid 2020's Starting XI - Statistics

General Stats
  • This quiz has been taken 6,684 times
    103 since last reset
  • The average score is 23 of 32
Answer Stats
Player % Correct
Jan Oblak
100%
Antoine Griezmann
96%
Julián Álvarez
96%
Alexander Sørloth
94%
Luis Suárez
94%
Koke
92%
Kieran Trippier
86%
Stefan Savić
85%
José María Giménez
84%
Thomas Partey
84%
Marcos Llorente
81%
João Félix
80%
Rodrigo De Paul
79%
Axel Witsel
78%
Ángel Correa
75%
Yannick Carrasco
75%
Giuliano Simeone
73%
Nahuel Molina
71%
Geoffrey Kondogbia
69%
Saúl Ñíguez
69%
Dávid Hancko
68%
Clément Lenglet
66%
Álvaro Morata
64%
Robin Le Normand
61%
Matteo Ruggeri
56%
Felipe
51%
Mario Hermoso
51%
Pablo Barrios
51%
Alex Baena
44%
Renan Lodi
42%
Samuel Lino
40%
Javi Galán
29%
No matching quizzes found
Score Distribution
Percent of People with Each Score
Percentile by Number Answered
Your Score History
You have not taken this quiz since the last reset